Statistics for Change - Louis Tomlinson (Lyrics)

Click here to take the quiz!

General Stats

  • This quiz has been taken 13 times
  • The average score is 271 of 299

Answer Stats

% Correct
A
100%
a
100%
and
100%
be
100%
but
100%
by
100%
can
100%
[Chorus]'Cause
100%
changed
100%
complete
100%
don't
100%
easy
100%
Everything's
100%
everything's
100%
feel
100%
friend
100%
get
100%
gettin'
100%
I
100%
If
100%
I'll
100%
inside
100%
It
100%
it's
100%
just
100%
know
100%
life
100%
lives
100%
me
100%
need
100%
of
100%
on
100%
our
100%
out
100%
outside
100%
same
100%
see
100%
sometimes
100%
still
100%
that
100%
[Verse 2]The
100%
the
100%
time
100%
[Verse 1]Time
100%
to
100%
we
100%
We
100%
[Chorus]We're
100%
were
100%
we're
100%
why
100%
wonder
100%
you
100%
all
80%
alright
80%
Always
80%
are
80%
call
80%
down
80%
Friday
80%
houses
80%
kids
80%
kings
80%
lane
80%
look
80%
memory
80%
neon
80%
nights
80%
Oh
80%
signs
80%
Silver
80%
street
80%
streets
80%
trip
80%
used
80%
what's
80%
[Bridge]When
80%
another
60%
away
60%
been
60%
different
60%
gates
60%
gonna
60%
got
60%
hasn't
60%
have
60%
it'll
60%
I've
60%
long
60%
losin'
60%
minds
60%
names
60%
Now
60%
overanalyse
60%
people
60%
point
60%
realise
60%
rest
60%
shame
60%
stays
60%
such
60%
There's
60%
We've
60%
nothings
40%
oh-oh
20%
[Intro]Oh-oh
20%

Score Distribution

Percentile by Number Answered

Percent of People with Each Score

Your Score History

You have not taken this quiz